000 00633nam a22001937a 4500
005 20140908104808.0
010 _aENG-110764
020 _a9788183875288
_c695.00
035 _aEN-94296
037 _bDBAD/PUB
082 _a362.2
100 _aSunakall, Roopa S.
245 _aSelf evaluation and autonomy measures of mental health /
_c by Roopa S. Sunakall
260 _aNew Delhi
_bSerials Publications
_c2012
270 _a4830/24, Prahlad Street, Ansari Road, Darya Ganj
_bNew Delhi
_e110002
300 _a169p.
_c22cm(Hb)
500 _aIncludes bibliographical references
942 _2ddc
_cEN
_h362.2
_mSUN
999 _c88359
_d88359